000 00503cam a22002051 4500
001 sa 64003003
003 DLC
005 20260227112013.0
008 890703s1961 ii 000 0 malo
010 _asa 64003003
035 _a(OCoLC)19958804
040 _aDLC
_cWaU
_dDLC
042 _apremarc
050 0 0 _aPL4718.9.M6
_bT5
100 0 _aMoidu Padiyath,
_d1931-
245 1 0 _aTikkār̲r̲uṃ maññukaṭṭiyuṃ.
260 _c[1961]
300 _a95 p.
_c19 cm.
500 _aIn Malayalam.
999 _c57635
_d57635